Представление документа в формате MARC21

ПолеНазваниеЗначение
  Тип записи a
  Библиографический уровень m
001 Контрольный номер RU\infra-m\znanium\bibl\2237253
005 Дата корректировки 20260429142107.7
008 Кодируемые данные 260120s2025 RU g rus u
020 Индекс ISBN __
a ISBN 978-5-9614-9291-0
040 Источник каталогиз. __
a Служба первич. каталог. Общество с ограниченной ответственностью «ЗНАНИУМ»
041 Код языка издания __
a Код языка текста rus
044 Код страны публикации __
a Код страны публикации RU
080 Индекс УДК __
a Индекс УДК 821
084 Индекс другой классификации/Индекс ББК __
2 Источник индекса rubbk
a Индекс другой классификации/Индекс ББК 84
100 Автор __
a Автор Сабар К.
q Полное имя Сабар Кларисса
245 Заглавие __
a Заглавие И время остановилось
b Продолж. заглавия Роман; Художественная литература
250 Сведения об издании __
a Основные сведения об издании 1
260 Выходные данные __
a Место издания Москва
b Издательство ООО "Альпина Паблишер"
c Дата издания 2026
300 Физическое описание __
a Объем 520 с.
520 Аннотация __
a Аннотация Во французском Берри краю замков и зеленых полей с богатой многовековой историей молодая переводчица Лиза отправляется по следам таинственной незнакомки из прошлого. Она узнаёт что юная Аурелия перед которой были открыты все двери вдруг оказалась вовлечена в круговорот драматических событий Второй мировой войны изменивших историю ее страны и ее саму. Вчитываясь в страницы старого дневника Лиза начинает подозревать что произошедшее с автором строк может быть как-то связано с останками немецкого солдата недавно обнаруженными в их городке. В поисках ключей к разгадке она проживает свою уникальную историю. В этом романе о семейных и исторических связях Кларисса Сабар мастерски запечатлевает удивительное свойство времени то неумолимо лететь вперед то застывать подчиняясь силе любви.
521 Примеч. о цел. назн. __
a Примеч. о целев. назн. Дополнительное образование
650 Тематические рубрики __
a Основная рубрика Художественная литература. Досуг
x Основная подрубрика Современная литература Европы
655 Указ. предметных рубрик (устаревшее) __
a Жанр/ форма (устаревшее) Художественная литература
856 Электронный адрес документа 4_
a Имя сервера/домена znanium.ru
m Помощь ebs_support@infra-m.ru
n Местонахождение сервера НИЦ ИНФРА-М
u URL https://znanium.ru/catalog/document?id=475060
856 Электронный адрес документа 48
a Имя сервера/домена znanium.ru
d Путь /cover/2237
f Электронное имя 2237253.jpg
q Тип электронного формата image/jpeg
u URL https://znanium.ru/cover/2237/2237253.jpg
911 __
u 0030=https://znanium.ru/catalog/document?id=475060